Prontuario de grafología /

Obra donde se presentan las bases, esquemas y normas para la interpretación grafológica en diferentes etapas de la vida (infancia, juventud y madurez), las aplicaciones que tiene esta técnica en la medicina y el derecho, y más de 250 ejemplos de escritura tipificada e interpertada.

I tiakina i:
Ngā taipitopito rārangi puna kōrero
Kaituhi matua: Panadés, María Rosa (autor)
Hōputu: Pukapuka
Reo:Pāniora
I whakaputaina: Barcelona, España : Zeus, 1971, c1971
Putanga:2a edición
Rangatū:(Más y Mejor)
Ngā marau:
Ngā Tūtohu: Tāpirihia he Tūtohu
Kāore He Tūtohu, Me noho koe te mea tuatahi ki te tūtohu i tēnei pūkete!

MARC

LEADER 00000nam^a2200000^a^4500
001 000183784
005 20250521000000.0
009 20260310102051.588
037 |a Acervo ITESO - Biblioteca 
041 |a ESP 
082 |a 155. 282  |b PAN 
100 |a Panadés, María Rosa  |e (autor) 
245 1 0 |a Prontuario de grafología /  |c M.R. Panadés. 
250 |a 2a edición 
264 4 |a Barcelona, España :  |b Zeus,  |c 1971, c1971 
300 |a 243 p. 
336 |a texto  |b txt  |2 rdacontenido 
337 |a sin mediación  |b n  |2 rdamedio 
338 |a volumen  |b nc  |2 rdasoporte 
440 1 |a (Más y Mejor) 
520 |a Obra donde se presentan las bases, esquemas y normas para la interpretación grafológica en diferentes etapas de la vida (infancia, juventud y madurez), las aplicaciones que tiene esta técnica en la medicina y el derecho, y más de 250 ejemplos de escritura tipificada e interpertada. 
649 |a XX 
650 |a Grafología -  |x Tema Principal 
650 |a Pruebas de Personalidad 
650 |a Pruebas Psicológicas 
650 |a Psicometría 
650 |a Psicología Diferencial 
650 |a Psicología Evolutiva 
650 |a Psicología Jurídica 
910 |a Fondo General 
920 |a Impresos - Libros 
930 |a Colección General 
905 |a 101 
901 |a 0500124541  |b IT1  |c ACC  |u 20250521 
902 |a https://opac.biblio.iteso.mx/vufind/Record/000183784